00605nam a2200157Ia 4500003000500000008004100005020001800046040001900064082000700083100002000090245003100110246024100141260004500382300000800427546001200435STCL181203s9999 xx 000 0 und d a9780198070016 aSTCLbENcSTCL 222 aHasan, Mushirul 4aThe Mushirul Hasan Omnibus aModerate or Militant: Images of India's Muslims; From Pluralism to Separatism: Qasbas in Colonial Awadh; A Moral Reckoning: Muslim Intellectuals in Nineteenth-century Delhi; Legacy of a Divided Nation: India's Muslims since Independence bOxford University PressaNew Delhic2010 a383 aEnglish